[Event "43. Olimpiada Batumi 2018 Femenina"]
[Site "Batumi GEO"]
[Date "2018.10.05"]
[Round "11.4"]
[White "Molina, Jessica"]
[Black "Barbier, Astrid"]
[Result "1/2-1/2"]
[WhiteElo "1806"]
[BlackElo "1894"]
[PlyCount "90"]
[EventDate "2018.09.24"]
[EventType "team-swiss"]
[EventRounds "11"]
[EventCountry "GEO"]
[SourceTitle "Ajedrez en Madrid"]
[Source "lmi"]
[SourceDate "2018.09.24"]
[WhiteTeam "Bolivia"]
[BlackTeam "Belgium"]
[WhiteTeamCountry "BOL"]
[BlackTeamCountry "BEL"]

1. d4 f5 2. Nf3 Nf6 3. e3 g6 4. Bd3 Bg7 5. Nbd2 O-O 6. O-O d6 7. b3 Qe8 8. Bb2
Nbd7 9. Qe1 e5 10. dxe5 Nxe5 11. Nxe5 dxe5 12. e4 f4 13. Nf3 Nd7 14. Rd1 Kh8
15. Qc3 c6 16. a4 Qe7 17. Bc4 h6 18. b4 Re8 19. Qb3 g5 20. h3 Nb6 21. Be2 Kh7
22. a5 Be6 23. c4 Nd7 24. Qc3 h5 25. Nh2 Bf7 26. g4 Nf6 27. f3 hxg4 28. hxg4
Nd7 29. Rf2 Nf8 30. Nf1 Ng6 31. Nd2 Red8 32. Nb3 Bf8 33. Rh2+ Kg7 34. c5 Rxd1+
35. Bxd1 Rd8 36. Rd2 Be6 37. Rxd8 Qxd8 38. Qd2 Be7 39. Qxd8 Bxd8 40. Nd2 Kf6
41. Bb3 Nf8 42. Kf1 Bc8 43. Bc4 Ne6 44. Nb3 Nc7 45. Ke2 Be6 1/2-1/2

[Event "43. Olimpiada Batumi 2018 Femenina"]
[Site "Batumi GEO"]
[Date "2018.10.05"]
[Round "11.1"]
[White "Nasriddinzoda, Marvorii"]
[Black "Perez Rodriguez, Jennifer"]
[Result "0-1"]
[WhiteElo "2090"]
[BlackElo "2159"]
[PlyCount "80"]
[EventDate "2018.09.24"]
[EventType "team-swiss"]
[EventRounds "11"]
[EventCountry "GEO"]
[SourceTitle "Ajedrez en Madrid"]
[Source "lmi"]
[SourceDate "2018.09.24"]
[WhiteTeam "Tajikistan"]
[BlackTeam "Paraguay"]
[WhiteTeamCountry "TJK"]
[BlackTeamCountry "PAR"]

1. d4 d5 2. c4 e6 3. Nc3 c6 4. cxd5 exd5 5. Qc2 Bd6 6. g3 Ne7 7. Bg2 Bf5 8. Qd1
Nd7 9. Nf3 O-O 10. O-O Ng6 11. Bd2 Re8 12. Rc1 Nb6 13. Re1 Nc4 14. Qb3 Qb6 15.
Qxb6 axb6 16. b3 Nxd2 17. Nxd2 Ba3 18. h3 Bxc1 19. Rxc1 Nf8 20. a4 h5 21. e3
Nd7 22. e4 dxe4 23. Ncxe4 Bxe4 24. Nxe4 Re6 25. Nc3 Rae8 26. Rc2 Rd6 27. d5 Nf6
28. dxc6 bxc6 29. b4 Re1+ 30. Kh2 Ng4+ 31. hxg4 hxg4 32. Bf3 gxf3 33. g4 Rd4
34. Kg3 Rxb4 35. Kxf3 Rc4 36. Kg3 b5 37. axb5 cxb5 38. f3 b4 39. Re2 Rxe2 40.
Nxe2 b3 0-1

[Event "43. Olimpiada Batumi 2018 Femenina"]
[Site "Batumi GEO"]
[Date "2018.10.05"]
[Round "11.2"]
[White "Avalos, Leticia"]
[Black "Antonova, Nadezhda"]
[Result "0-1"]
[WhiteElo "1704"]
[BlackElo "2038"]
[PlyCount "76"]
[EventDate "2018.09.24"]
[EventType "team-swiss"]
[EventRounds "11"]
[EventCountry "GEO"]
[SourceTitle "Ajedrez en Madrid"]
[Source "lmi"]
[SourceDate "2018.09.24"]
[WhiteTeam "Paraguay"]
[BlackTeam "Tajikistan"]
[WhiteTeamCountry "PAR"]
[BlackTeamCountry "TJK"]

1. d4 d6 2. c4 e5 3. Nf3 e4 4. Nfd2 f5 5. e3 Nf6 6. Nc3 c6 7. Be2 Be7 8. f3
exf3 9. Nxf3 O-O 10. O-O Na6 11. Bd3 Bd7 12. a3 Nc7 13. d5 cxd5 14. cxd5 Kh8
15. Nd4 g6 16. Qb3 Rb8 17. Ne6 Nxe6 18. dxe6 Bc6 19. Bd2 b5 20. Qc2 Qb6 21. Kh1
Qb7 22. Bc1 a6 23. h3 Rbc8 24. Qe2 Nh5 25. Qf2 Bf6 26. Ne2 Bd5 27. Nd4 Be5 28.
Rd1 Qe7 29. Bd2 Bg3 30. Qg1 Qh4 31. e4 fxe4 32. Nf5 Rxf5 33. Bc3+ Rxc3 34. Qd4+
Be5 35. Qxd5 Ng3+ 36. Kg1 Ne2+ 37. Bxe2 Qf2+ 38. Kh1 Rxh3+ 0-1

[Event "43. Olimpiada Batumi 2018 Femenina"]
[Site "Batumi GEO"]
[Date "2018.10.05"]
[Round "11.3"]
[White "Hotami, Mutriba"]
[Black "Martinez Ramirez, Anahi"]
[Result "1-0"]
[WhiteElo "1840"]
[BlackElo "1510"]
[PlyCount "125"]
[EventDate "2018.09.24"]
[EventType "team-swiss"]
[EventRounds "11"]
[EventCountry "GEO"]
[SourceTitle "Ajedrez en Madrid"]
[Source "lmi"]
[SourceDate "2018.09.24"]
[WhiteTeam "Tajikistan"]
[BlackTeam "Paraguay"]
[WhiteTeamCountry "TJK"]
[BlackTeamCountry "PAR"]

1. d4 d5 2. Bf4 e6 3. e3 c5 4. c3 Nc6 5. Nf3 Nf6 6. Bd3 Bd6 7. Ne5 Qc7 8. Nxc6
bxc6 9. Bg5 Nd7 10. Nd2 O-O 11. Qh5 g6 12. Qh6 cxd4 13. h4 f5 14. cxd4 Nf6 15.
Bxf6 Rxf6 16. h5 Bb4 17. a3 Bf8 18. Qg5 Bg7 19. h6 Bh8 20. f4 c5 21. Rc1 c4 22.
b3 Qa5 23. bxc4 Qxa3 24. Ke2 Rf8 25. Ra1 Qd6 26. c5 Qc7 27. Qg3 a5 28. Rhb1 a4
29. Rb6 Bd7 30. Qe1 Rfb8 31. Rab1 Bf6 32. Rxb8+ Rxb8 33. Rxb8+ Qxb8 34. Qb1
Qxb1 35. Nxb1 Bd8 36. Kd2 g5 37. Na3 gxf4 38. exf4 Ba5+ 39. Kc2 Kf7 40. Nb5
Bxb5 41. Bxb5 Ke7 42. Bxa4 Kd8 43. Kd3 Be1 44. Bd1 Bh4 45. Bh5 Ke7 46. c6 Kd6
47. Bf7 Bd8 48. Bg8 Ke7 49. Ke3 Kd6 50. Kf3 Bb6 51. g4 fxg4+ 52. Kxg4 Kxc6 53.
Bxe6 Bxd4 54. Bg8 Bh8 55. Bxh7 Kd6 56. Kg5 Ke7 57. Bg8 d4 58. Bc4 Bf6+ 59. Kg6
Bh8 60. Kh7 Bf6 61. Kg8 Kd6 62. h7 Kc5 63. Bd3 1-0

[Event "43. Olimpiada Batumi 2018 Femenina"]
[Site "Batumi GEO"]
[Date "2018.10.05"]
[Round "11.4"]
[White "Carreras Colman, Luz Gabriela"]
[Black "Abrorova, Sabrina"]
[Result "0-1"]
[WhiteElo "1397"]
[BlackElo "1685"]
[PlyCount "164"]
[EventDate "2018.09.24"]
[EventType "team-swiss"]
[EventRounds "11"]
[EventCountry "GEO"]
[SourceTitle "Ajedrez en Madrid"]
[Source "lmi"]
[SourceDate "2018.09.24"]
[WhiteTeam "Paraguay"]
[BlackTeam "Tajikistan"]
[WhiteTeamCountry "PAR"]
[BlackTeamCountry "TJK"]

1. d4 Nf6 2. Nf3 g6 3. Bf4 Bg7 4. e3 O-O 5. Be2 d6 6. h3 Nbd7 7. O-O Qe8 8. Bh2
e5 9. dxe5 Nxe5 10. Nbd2 Nxf3+ 11. Nxf3 Qe7 12. c3 Nd7 13. Qc2 Ne5 14. Rad1 Bf5
15. Qb3 a5 16. Nd4 Be4 17. f3 a4 18. Qa3 Bc6 19. Nxc6 Nxc6 20. e4 Bh6 21. c4
Bg7 22. Kh1 h5 23. Bg1 Qf6 24. b3 axb3 25. Qxb3 b6 26. Rfe1 Ra5 27. Rd5 Rfa8
28. Rxa5 Rxa5 29. Rd1 Qb2 30. Bd3 Rxa2 31. Qxb2 Rxb2 32. Be3 Rb3 33. Bf4 Rc3
34. Bf1 Na5 35. Bd2 Rc2 36. Bd3 Ra2 37. Bg5 Nc6 38. f4 Ra1 39. Rxa1 Bxa1 40. g4
hxg4 41. hxg4 Nb4 42. Be2 Nc6 43. f5 Kg7 44. Kg2 Bf6 45. Bf4 Be5 46. Be3 f6 47.
g5 fxg5 48. Bxg5 Bf6 49. Be3 Ne5 50. Bd4 Kh6 51. fxg6 Kxg6 52. Bxe5 Bxe5 53.
Bg4 Kg5 54. Be6 Kf4 55. Bd5 Ke3 56. Kf1 Bc3 57. Bc6 Kd4 58. Bd5 Kc5 59. Ke2 c6
60. Bf7 Kd4 61. Kf3 b5 62. cxb5 cxb5 63. Bd5 Kd3 64. Ba2 Kc2 65. Ke2 b4 66. Bc4
b3 67. Bd3+ Kc1 68. Ke3 b2 69. Ke2 b1=Q 70. Bxb1 Kxb1 71. Kd3 Kb2 72. Ke2 Kc2
73. Ke3 Be5 74. Ke2 Kc3 75. Ke3 Kc4 76. Kf3 Kd3 77. Kf2 Kxe4 78. Ke2 Bf4 79.
Kd1 Kd3 80. Ke1 d5 81. Kd1 d4 82. Ke1 Kc2 0-1

[Event "43. Olimpiada Batumi 2018 Femenina"]
[Site "Batumi GEO"]
[Date "2018.10.05"]
[Round "11.1"]
[White "Arakhamia-Grant, Ketevan"]
[Black "Gray, Krishna"]
[Result "1-0"]
[WhiteElo "2345"]
[BlackElo "1693"]
[PlyCount "78"]
[EventDate "2018.09.24"]
[EventType "team-swiss"]
[EventRounds "11"]
[EventCountry "GEO"]
[SourceTitle "Ajedrez en Madrid"]
[Source "lmi"]
[SourceDate "2018.09.24"]
[WhiteTeam "Scotland"]
[BlackTeam "Jamaica"]
[WhiteTeamCountry "SCO"]
[BlackTeamCountry "JAM"]

1. e4 e6 2. d4 d5 3. Nc3 Bb4 4. e5 c5 5. a3 Bxc3+ 6. bxc3 Nc6 7. Nf3 Qa5 8. Bd2
c4 9. a4 Bd7 10. g3 h6 11. h4 O-O-O 12. Bh3 Nge7 13. Qc1 Rdf8 14. Qa3 Kb8 15.
O-O Ka8 16. Rfb1 Rfg8 17. Kg2 Qd8 18. a5 Nf5 19. Qc5 Qe7 20. Qxe7 Nfxe7 21. Bc1
g6 22. Nh2 g5 23. h5 Nf5 24. Ng4 Rd8 25. Nf6 Bc8 26. Ba3 Ng7 27. Bc5 Ne8 28.
Nxe8 Rdxe8 29. Rf1 Rhg8 30. Bg4 Ne7 31. Kh3 Nf5 32. Be2 Rg7 33. g4 Ne7 34. f4
gxf4 35. Rxf4 Nc6 36. Rf6 Rh8 37. Raf1 Nd8 38. Bd6 Bd7 39. Bc7 Bc6 1-0

[Event "43. Olimpiada Batumi 2018 Femenina"]
[Site "Batumi GEO"]
[Date "2018.10.05"]
[Round "11.2"]
[White "Barrett, Ariel"]
[Black "Roy, Ali"]
[Result "0-1"]
[WhiteElo "1701"]
[BlackElo "1923"]
[PlyCount "92"]
[EventDate "2018.09.24"]
[EventType "team-swiss"]
[EventRounds "11"]
[EventCountry "GEO"]
[SourceTitle "Ajedrez en Madrid"]
[Source "lmi"]
[SourceDate "2018.09.24"]
[WhiteTeam "Jamaica"]
[BlackTeam "Scotland"]
[WhiteTeamCountry "JAM"]
[BlackTeamCountry "SCO"]

1. c4 g6 2. d4 Bg7 3. e4 d6 4. Nc3 Nf6 5. Be2 O-O 6. Nf3 e5 7. O-O Nc6 8. d5
Ne7 9. Be3 Nd7 10. Ne1 f5 11. f3 f4 12. Bf2 g5 13. a4 a5 14. Nd3 h5 15. Nb5 Nf6
16. Na7 g4 17. Nxc8 Qxc8 18. c5 Ng6 19. cxd6 cxd6 20. Rc1 Qd7 21. Bb6 h4 22.
Rc7 Qe8 23. fxg4 Nxe4 24. Ne1 Ng5 25. Bb5 Qb8 26. Nf3 Nxf3+ 27. Qxf3 Rf7 28.
Rfc1 Qf8 29. Rxf7 Qxf7 30. Rc7 Qf6 31. Qe4 Nh8 32. Bd3 Nf7 33. Qf5 Qxf5 34.
Bxf5 Ng5 35. Rxb7 e4 36. Bf2 h3 37. gxh3 Nxh3+ 38. Kg2 Nxf2 39. Kxf2 Bd4+ 40.
Kf1 Re8 41. b4 f3 42. bxa5 e3 43. Be6+ Rxe6 44. Rb8+ Kg7 45. dxe6 e2+ 46. Ke1
Bc3+ 0-1

[Event "43. Olimpiada Batumi 2018 Femenina"]
[Site "Batumi GEO"]
[Date "2018.10.05"]
[Round "11.3"]
[White "Giulian, Rosemary A"]
[Black "Miller, Rachel"]
[Result "1/2-1/2"]
[WhiteElo "1924"]
[BlackElo "1859"]
[PlyCount "86"]
[EventDate "2018.09.24"]
[EventType "team-swiss"]
[EventRounds "11"]
[EventCountry "GEO"]
[SourceTitle "Ajedrez en Madrid"]
[Source "lmi"]
[SourceDate "2018.09.24"]
[WhiteTeam "Scotland"]
[BlackTeam "Jamaica"]
[WhiteTeamCountry "SCO"]
[BlackTeamCountry "JAM"]

1. e4 e5 2. Nf3 Nc6 3. Bb5 a6 4. Ba4 Nf6 5. O-O b5 6. Bb3 Be7 7. Re1 O-O 8. c3
d6 9. h3 Na5 10. Bc2 c5 11. d4 Qc7 12. d5 Bd7 13. Nbd2 Rfe8 14. Nf1 Bf8 15. Bg5
Qd8 16. b3 h6 17. Bd2 g6 18. Ne3 Nb7 19. Nh2 Kh7 20. Qf3 Bg7 21. Nhg4 Rf8 22.
Nxf6+ Qxf6 23. Qxf6 Bxf6 24. Ng4 Bxg4 25. hxg4 Bg5 26. Bxg5 hxg5 27. Kf1 b4 28.
Re3 a5 29. Ke2 Kg7 30. Rh3 Rfb8 31. Kd2 Nd8 32. Bd3 a4 33. Bc4 axb3 34. Bxb3 c4
35. Bxc4 b3 36. Rhh1 bxa2 37. Kc2 Ra4 38. Bd3 Nb7 39. Kd2 Nc5 40. Bc2 Ra3 41.
Rhe1 Nd7 42. Re3 Nb6 43. Rh3 Nc4+ 1/2-1/2

[Event "43. Olimpiada Batumi 2018 Femenina"]
[Site "Batumi GEO"]
[Date "2018.10.05"]
[Round "11.4"]
[White "Clarke, Adani"]
[Black "Espinosa Cancino, Monica"]
[Result "0-1"]
[WhiteElo "1643"]
[BlackElo "1655"]
[PlyCount "144"]
[EventDate "2018.09.24"]
[EventType "team-swiss"]
[EventRounds "11"]
[EventCountry "GEO"]
[SourceTitle "Ajedrez en Madrid"]
[Source "lmi"]
[SourceDate "2018.09.24"]
[WhiteTeam "Jamaica"]
[BlackTeam "Scotland"]
[WhiteTeamCountry "JAM"]
[BlackTeamCountry "SCO"]

1. d4 d5 2. c4 e6 3. cxd5 exd5 4. Nc3 c6 5. Nf3 Nf6 6. Bg5 Nbd7 7. e3 Bb4 8.
Qc2 Qa5 9. Bd3 h6 10. Bh4 O-O 11. O-O Bxc3 12. bxc3 Re8 13. Rab1 Ne4 14. c4 Nd6
15. Nd2 dxc4 16. Nxc4 Nxc4 17. Bxc4 Nb6 18. Bb3 Bf5 19. Qe2 Bxb1 20. Rxb1 Qf5
21. Bc2 Qd7 22. Qd3 g6 23. Bb3 Kg7 24. Bg3 Rad8 25. Qc2 Qe7 26. Be5+ f6 27. Bg3
Rxd4 28. Qc3 Rd7 29. Bc2 Red8 30. Re1 Rd5 31. e4 Rc5 32. Qb4 Re8 33. Qb3 Qe6
34. Qb1 Re7 35. Bb3 Nc4 36. Qd3 Rd7 37. Qc3 b5 38. Qb4 Qe7 39. Bc2 a5 40. Qb3
Nd2 41. Qb2 Rc4 42. e5 Qc5 43. exf6+ Kf7 44. Bb3 Nxb3 45. axb3 Rc2 46. Qa1 Qc3
47. Qb1 Qb2 48. h3 Qxb1 49. Rxb1 Rcd2 50. Kh2 Rd1 51. Rxd1 Rxd1 52. Bc7 a4 53.
bxa4 bxa4 54. Ba5 a3 55. Bc3 a2 56. g4 a1=Q 57. Bxa1 Rxa1 58. h4 Kxf6 59. f4 c5
60. g5+ hxg5 61. fxg5+ Kg7 62. Kg3 c4 63. Kg4 c3 64. h5 gxh5+ 65. Kxh5 c2 66.
g6 Ra5+ 67. Kg4 c1=Q 68. Kf3 Qc3+ 69. Ke4 Qc4+ 70. Kf3 Ra3+ 71. Kf2 Qc2+ 72.
Ke1 Ra1# 0-1

[Event "43. Olimpiada Batumi 2018 Femenina"]
[Site "Batumi GEO"]
[Date "2018.10.05"]
[Round "11.1"]
[White "Abeysinghe, H M H Janandani"]
[Black "Ahmad Murad, Fatema Alzahraa"]
[Result "0-1"]
[WhiteElo "1678"]
[BlackElo "1649"]
[PlyCount "75"]
[EventDate "2018.09.24"]
[EventType "team-swiss"]
[EventRounds "11"]
[EventCountry "GEO"]
[SourceTitle "Ajedrez en Madrid"]
[Source "lmi"]
[SourceDate "2018.09.24"]
[WhiteTeam "Sri Lanka"]
[BlackTeam "Syria"]
[WhiteTeamCountry "SRI"]
[BlackTeamCountry "SYR"]

1. e4 e6 2. d4 d5 3. Nc3 Bb4 4. e5 b6 5. Qg4 Bf8 6. Bg5 Ne7 7. O-O-O Ba6 8. Nh3
c6 9. Kb1 Qd7 10. Bc1 Bxf1 11. Rhxf1 Na6 12. Ng5 Ng6 13. f4 h6 14. Nxe6 Qxe6
15. f5 Qc8 16. e6 Ne7 17. exf7+ Kd8 18. Qf4 Qd7 19. f6 gxf6 20. Qxf6 Rh7 21.
Rde1 Kc8 22. Re6 Kb7 23. h4 Nc7 24. Rd6 Qg4 25. a3 Qg7 26. Re1 Qxf7 27. Qxf7
Rxf7 28. Bxh6 Nf5 29. Bxf8 Raxf8 30. Rg6 Nxh4 31. Rg4 Nf5 32. Nd1 Ne8 33. c3
Nf6 34. Rf4 Ne4 35. Kc1 Nfg3 36. Rxf7+ Rxf7 37. Kc2 Nf2 38. Rf1 0-1

[Event "43. Olimpiada Batumi 2018 Femenina"]
[Site "Batumi GEO"]
[Date "2018.10.05"]
[Round "11.2"]
[White "Yazji, Mada"]
[Black "Premanath, Dinushki"]
[Result "1/2-1/2"]
[WhiteElo "1726"]
[BlackElo "1813"]
[PlyCount "65"]
[EventDate "2018.09.24"]
[EventType "team-swiss"]
[EventRounds "11"]
[EventCountry "GEO"]
[SourceTitle "Ajedrez en Madrid"]
[Source "lmi"]
[SourceDate "2018.09.24"]
[WhiteTeam "Syria"]
[BlackTeam "Sri Lanka"]
[WhiteTeamCountry "SYR"]
[BlackTeamCountry "SRI"]

1. e4 c5 2. Nf3 d6 3. Bb5+ Nd7 4. O-O e6 5. Re1 a6 6. Bf1 Ngf6 7. c3 Be7 8. d4
O-O 9. e5 Nd5 10. Nbd2 cxd4 11. cxd4 dxe5 12. dxe5 b5 13. Nd4 Bb7 14. N2f3 Rc8
15. Bd2 N7b6 16. Rc1 Nc4 17. Bxc4 bxc4 18. Qe2 Qb6 19. Rc2 a5 20. a3 c3 21.
bxc3 Bxa3 22. Qb5 Qxb5 23. Nxb5 Be7 24. Ra2 a4 25. Rxa4 Bc6 26. c4 Nb6 27. Ra7
Nxc4 28. Rxe7 Bxf3 29. Bf4 Bd5 30. Nc7 Rfd8 31. Nxd5 Rxd5 32. h3 h6 33. Bg3
1/2-1/2

[Event "43. Olimpiada Batumi 2018 Femenina"]
[Site "Batumi GEO"]
[Date "2018.10.05"]
[Round "11.3"]
[White "Ranasinghe, S D."]
[Black "Alkaseer, Roaa"]
[Result "1-0"]
[WhiteElo "1785"]
[BlackElo "1708"]
[PlyCount "111"]
[EventDate "2018.09.24"]
[EventType "team-swiss"]
[EventRounds "11"]
[EventCountry "GEO"]
[SourceTitle "Ajedrez en Madrid"]
[Source "lmi"]
[SourceDate "2018.09.24"]
[WhiteTeam "Sri Lanka"]
[BlackTeam "Syria"]
[WhiteTeamCountry "SRI"]
[BlackTeamCountry "SYR"]

1. Nf3 Nf6 2. g3 g6 3. Bg2 Bg7 4. O-O O-O 5. d4 d5 6. Nbd2 c6 7. c4 Bf5 8. Nh4
Bg4 9. h3 Be6 10. b3 dxc4 11. Nxc4 Bd5 12. Nf3 Nbd7 13. Bb2 Qc7 14. Rc1 Rad8
15. Ncd2 Qb8 16. Qc2 Nb6 17. e4 Be6 18. a4 Nh5 19. a5 Nc8 20. Nc4 Nd6 21. Rcd1
Qc7 22. Nxd6 Qxd6 23. Ng5 Bd7 24. d5 Bxb2 25. Qxb2 Qf6 26. Qxf6 Nxf6 27. dxc6
Bxc6 28. e5 Nd5 29. e6 f6 30. Nf7 Rxf7 31. exf7+ Kxf7 32. b4 e6 33. Rfe1 Rc8
34. Rd4 a6 35. Rc1 Rc7 36. Bxd5 exd5 37. Rxd5 Re7 38. Rd6 Bf3 39. g4 h5 40.
gxh5 gxh5 41. Rc4 Re5 42. Rf4 Rg5+ 43. Kf1 Bg2+ 44. Ke2 Re5+ 45. Kd2 f5 46. h4
Kg7 47. Rd7+ Kg6 48. Rfd4 Kf6 49. R4d6+ Re6 50. Rxe6+ Kxe6 51. Rh7 Bf3 52. Ke3
Be4 53. Rxh5 Kf6 54. f3 Bc2 55. Kf4 Ba4 56. Rxf5+ 1-0

[Event "43. Olimpiada Batumi 2018 Femenina"]
[Site "Batumi GEO"]
[Date "2018.10.05"]
[Round "11.4"]
[White "Mahmoud, Roula"]
[Black "De Silva, Tenara"]
[Result "0-1"]
[WhiteElo "1795"]
[BlackElo "1764"]
[PlyCount "72"]
[EventDate "2018.09.24"]
[EventType "team-swiss"]
[EventRounds "11"]
[EventCountry "GEO"]
[SourceTitle "Ajedrez en Madrid"]
[Source "lmi"]
[SourceDate "2018.09.24"]
[WhiteTeam "Syria"]
[BlackTeam "Sri Lanka"]
[WhiteTeamCountry "SYR"]
[BlackTeamCountry "SRI"]

1. e4 d6 2. d4 g6 3. Nf3 Bg7 4. c3 a6 5. g3 b5 6. Bg2 Bb7 7. Qc2 Nd7 8. O-O c5
9. b3 cxd4 10. Nxd4 Qc7 11. Qe2 Ngf6 12. Bb2 Nc5 13. Nd2 O-O 14. Rac1 Nfd7 15.
b4 Na4 16. Ba1 Rac8 17. c4 Nab6 18. c5 dxc5 19. bxc5 Nxc5 20. N4b3 Nba4 21.
Bxg7 Kxg7 22. Nd4 Qe5 23. N2f3 Qxe4 24. Qd2 Nd3 25. Nh4 Qxd4 26. Bxb7 Rxc1 27.
Rxc1 Rd8 28. Rc6 Qa1+ 29. Rc1 Qxc1+ 30. Qxc1 Nxc1 31. Bxa6 Nc3 32. Nf3 N1xa2
33. Ne5 Rd6 34. Bc8 b4 35. Bg4 b3 36. Nc4 Rd4 0-1

[Event "43. Olimpiada Batumi 2018 Femenina"]
[Site "Batumi GEO"]
[Date "2018.10.05"]
[Round "11.1"]
[White "Ravelomanana, Sabine"]
[Black "Hernandez Bonilla, Amelia"]
[Result "0-1"]
[WhiteElo "1821"]
[BlackElo "2044"]
[PlyCount "58"]
[EventDate "2018.09.24"]
[EventType "team-swiss"]
[EventRounds "11"]
[EventCountry "GEO"]
[SourceTitle "Ajedrez en Madrid"]
[Source "lmi"]
[SourceDate "2018.09.24"]
[WhiteTeam "Madagascar"]
[BlackTeam "Venezuela"]
[WhiteTeamCountry "MAD"]
[BlackTeamCountry "VEN"]

1. d4 Nf6 2. Bf4 e6 3. Nf3 c5 4. c3 Be7 5. e3 b6 6. Bd3 Bb7 7. h3 d6 8. Nbd2
cxd4 9. exd4 Nc6 10. Bh2 O-O 11. O-O Rc8 12. Qe2 Re8 13. Rad1 Bf8 14. Rfe1 Rc7
15. Ne4 Nxe4 16. Bxe4 Na5 17. d5 e5 18. Nd2 Bc8 19. Bd3 f5 20. Bb5 Bd7 21. Bxd7
Qxd7 22. g4 fxg4 23. hxg4 Qf7 24. Qe4 Rec8 25. Re3 Nc4 26. Rh3 g6 27. Nf3 Nxb2
28. Ng5 Qf6 29. Rb1 Qxg5 0-1

[Event "43. Olimpiada Batumi 2018 Femenina"]
[Site "Batumi GEO"]
[Date "2018.10.05"]
[Round "11.2"]
[White "Rovira Contreras, Tairu Manuela"]
[Black "Razafindrabiaza, Christine"]
[Result "1-0"]
[WhiteElo "2033"]
[BlackElo "1668"]
[PlyCount "107"]
[EventDate "2018.09.24"]
[EventType "team-swiss"]
[EventRounds "11"]
[EventCountry "GEO"]
[SourceTitle "Ajedrez en Madrid"]
[Source "lmi"]
[SourceDate "2018.09.24"]
[WhiteTeam "Venezuela"]
[BlackTeam "Madagascar"]
[WhiteTeamCountry "VEN"]
[BlackTeamCountry "MAD"]

1. d4 d5 2. c4 c6 3. e3 Nf6 4. Nc3 e6 5. Nf3 Be7 6. Bd3 O-O 7. O-O c5 8. b3 Nc6
9. Bb2 cxd4 10. exd4 b6 11. Re1 Bb4 12. a3 Bxc3 13. Bxc3 Bb7 14. Rc1 a6 15. Bb2
h6 16. Bb1 Rc8 17. c5 b5 18. Nd2 Re8 19. Re3 Ne7 20. Qf3 Bc6 21. b4 Qc7 22.
Rce1 a5 23. bxa5 Qxa5 24. Nb3 Qc7 25. Bc1 Kh8 26. Re5 Neg8 27. Bf4 Qa7 28. Nd2
Ra8 29. R5e3 Qa4 30. Be5 Qa5 31. Qd1 b4 32. axb4 Qxb4 33. Rb3 Qa5 34. Rh3 Ba4
35. Qc1 Bc6 36. Nf3 Ng4 37. Qc2 f5 38. Qc1 Ra7 39. Bd6 N8f6 40. Ne5 Qa4 41. Rd1
Ng8 42. Bc2 Qa6 43. Nxg4 fxg4 44. Rg3 Rea8 45. Rxg4 Qe2 46. Rg3 Ra2 47. Bb1
Qxf2+ 48. Kh1 Re2 49. Be5 Ra7 50. Rf1 Re1 51. Qxe1 Qb2 52. Qc1 Qb5 53. Rf8 Rb7
54. Qxh6# 1-0

[Event "43. Olimpiada Batumi 2018 Femenina"]
[Site "Batumi GEO"]
[Date "2018.10.05"]
[Round "11.3"]
[White "Raharimanana, Faratiana"]
[Black "Patino Garcia, Corals"]
[Result "1-0"]
[WhiteElo "1660"]
[BlackElo "2023"]
[PlyCount "95"]
[EventDate "2018.09.24"]
[EventType "team-swiss"]
[EventRounds "11"]
[EventCountry "GEO"]
[SourceTitle "Ajedrez en Madrid"]
[Source "lmi"]
[SourceDate "2018.09.24"]
[WhiteTeam "Madagascar"]
[BlackTeam "Venezuela"]
[WhiteTeamCountry "MAD"]
[BlackTeamCountry "VEN"]

1. d4 Nf6 2. Nf3 e6 3. g3 c5 4. c3 Nc6 5. Bg2 d5 6. O-O Be7 7. e3 O-O 8. Nbd2
b6 9. Re1 Bb7 10. b3 Ne4 11. Nxe4 dxe4 12. Ne5 Nxe5 13. dxe5 Qc7 14. Bb2 Qxe5
15. Qd7 Bd5 16. Qxe7 f6 17. c4 Qxb2 18. cxd5 Rfe8 19. Qd7 Rad8 20. Qxa7 Rxd5
21. Rab1 Qc2 22. Rec1 Qe2 23. Bf1 Qf3 24. Rb2 Red8 25. Qa6 Rd2 26. Be2 Qf5 27.
Rxd2 Rxd2 28. Rd1 Qd5 29. Rxd2 Qxd2 30. a4 f5 31. Qc4 Kf7 32. Bf1 Kf6 33. Qb5
Qd6 34. Qe8 Qd1 35. Qb5 g5 36. h3 Qd6 37. Kg2 h5 38. Be2 g4 39. h4 Qd2 40. Bf1
Qd1 41. Qxb6 f4 42. Qb5 Qf3+ 43. Kg1 fxg3 44. Qe2 g2 45. Qxf3+ exf3 46. Bd3 Ke5
47. a5 Kd6 48. Bg6 1-0

[Event "43. Olimpiada Batumi 2018 Femenina"]
[Site "Batumi GEO"]
[Date "2018.10.05"]
[Round "11.4"]
[White "Alvarado Arcila, Marvia Josefina"]
[Black "Andriantsiferana, Irina"]
[Result "1-0"]
[WhiteElo "1956"]
[BlackElo "1540"]
[PlyCount "71"]
[EventDate "2018.09.24"]
[EventType "team-swiss"]
[EventRounds "11"]
[EventCountry "GEO"]
[SourceTitle "Ajedrez en Madrid"]
[Source "lmi"]
[SourceDate "2018.09.24"]
[WhiteTeam "Venezuela"]
[BlackTeam "Madagascar"]
[WhiteTeamCountry "VEN"]
[BlackTeamCountry "MAD"]

1. d4 d5 2. c4 e6 3. Nc3 Nf6 4. cxd5 exd5 5. Bg5 c6 6. Qc2 Be7 7. e3 Nbd7 8.
Bd3 b6 9. f3 Bb7 10. Nge2 h6 11. Bh4 c5 12. O-O O-O 13. Bf2 Re8 14. Bf5 Bc8 15.
e4 dxe4 16. fxe4 cxd4 17. Bxd4 Bc5 18. Rad1 Qe7 19. Kh1 Ne5 20. Bxc5 Qxc5 21.
Bxc8 Raxc8 22. h3 Nc4 23. Rxf6 gxf6 24. Nd5 Qf2 25. Qc3 Ne5 26. Ne7+ Kh7 27.
Nxc8 Qxe2 28. Re1 Qa6 29. Nd6 Rd8 30. Nf5 Rd3 31. Qb4 Ng6 32. Rc1 Qb7 33. Qe1
Qd7 34. Qe2 Nf4 35. Qg4 Ng6 36. Qh5 1-0

[Event "43. Olimpiada Batumi 2018 Femenina"]
[Site "Batumi GEO"]
[Date "2018.10.05"]
[Round "11.1"]
[White "Mirza, Diana"]
[Black "Hoshino, Karen"]
[Result "1/2-1/2"]
[WhiteElo "1960"]
[BlackElo "1945"]
[PlyCount "56"]
[EventDate "2018.09.24"]
[EventType "team-swiss"]
[EventRounds "11"]
[EventCountry "GEO"]
[SourceTitle "Ajedrez en Madrid"]
[Source "lmi"]
[SourceDate "2018.09.24"]
[WhiteTeam "Ireland"]
[BlackTeam "Japan"]
[WhiteTeamCountry "IRL"]
[BlackTeamCountry "JPN"]

1. e4 c5 2. c3 d5 3. exd5 Qxd5 4. Nf3 Nf6 5. Na3 Nc6 6. Bc4 Qd8 7. O-O e6 8. d4
cxd4 9. Nb5 a6 10. Nbxd4 Nxd4 11. Qxd4 Qxd4 12. Nxd4 Be7 13. Bf4 O-O 14. Rfe1
Bd7 15. Rad1 Rac8 16. Bb3 Bc5 17. h3 h6 18. Be5 Rfd8 19. g4 Bxd4 20. Rxd4 Bc6
21. Bxf6 gxf6 22. Red1 Rxd4 23. Rxd4 Kg7 24. Kh2 Rh8 25. Kg3 Rc8 26. Kh2 Rh8
27. Kg3 Rc8 28. Kh2 Rh8 1/2-1/2